| 000 | nam a22 a 4500 | ||
|---|---|---|---|
| 999 |
_c2673 _d2673 |
||
| 003 | AKMAL | ||
| 005 | 20170517151033.0 | ||
| 008 | 111205s2010 my | e u o000 0 eng | ||
| 039 | 9 |
_a201202291448 _brosenah _c201202211143 _dzuraidahm _c201201101453 _dazril _c201112051506 _dety |
|
| 040 | _aAKMAL | ||
| 082 | 0 | 4 |
_a604.70287 DSM _222 |
| 090 | 0 | 0 |
_a604.70287 _bDSM |
| 110 | 1 |
_aMalaysia. _bJabatan Standard _95568 |
|
| 245 | 1 |
_aManual of tests and criteria for transport of dangerous goods. _nPart 3, _pClassification procedures, test methods and criteria relating to self-reactive substances of division 4.1 and organic peroxides of division 5.2 - section 5: test series D / _cDepartment of Standards |
|
| 260 |
_aCyberjaya : _bDepartment of Standards Malaysia, _c2010 |
||
| 300 |
_aiii, 3p. ; _c30cm. |
||
| 490 | 1 | _aMalaysian standard | |
| 500 | _aCover title | ||
| 650 | 1 | 0 |
_aHazardous substances _xTransportation _xTesting _95584 |
| 650 | 2 | 0 |
_aTransportation _xSafety measures _95585 |
| 830 | 0 |
_aMalaysian standards. _nMS 1990-3-5 : 2010 _95586 |
|
| 942 |
_2ddc _cBOOK |
||